<?xml version="1.0" encoding="UTF-8"?>
<collection xmlns="http://www.loc.gov/MARC21/slim">
    <record>
        <controlfield tag="001">47656</controlfield>
        <controlfield tag="005">20160222120508.0</controlfield>
        <datafield tag="037" ind1=" " ind2=" ">
            <subfield code="a">TAZ-TFG-2015-3231</subfield>
        </datafield>
        <datafield tag="041" ind1=" " ind2=" ">
            <subfield code="a">spa</subfield>
        </datafield>
        <datafield tag="100" ind1="1" ind2=" ">
            <subfield code="a">Maqueda Ortega, Irene</subfield>
        </datafield>
        <datafield tag="245" ind1="0" ind2="0">
            <subfield code="a">Soluciones de envolvente en los palacios renacentistas zaragozanos e intervenciones para la adaptación a su uso actual</subfield>
        </datafield>
        <datafield tag="260" ind1=" " ind2=" ">
            <subfield code="a">Zaragoza</subfield>
            <subfield code="b">Universidad de Zaragoza</subfield>
            <subfield code="c">2015</subfield>
        </datafield>
        <datafield tag="506" ind1=" " ind2=" ">
            <subfield code="a">by-nc-sa</subfield>
            <subfield code="b">Creative Commons</subfield>
            <subfield code="c">3.0</subfield>
            <subfield code="u">http://creativecommons.org/licenses/by-nc-sa/3.0/</subfield>
        </datafield>
        <datafield tag="520" ind1=" " ind2=" ">
            <subfield code="a">El siglo XVI fue el momento de máximo esplendor de la arquitectura civil zaragozana. Más de doscientas casas-palacio de mercaderes y caballeros fueron construidas en rejola (barro cocido) y aljez (yeso blanco), tiñendo la ciudad de una apariencia similar.  Todas estaban organizadas en cuatro plantas: sótano, de calle, principal y falsa, variando unas de otras en el tamaño y decoración de la portada y alero. La estructura, el espesor de los muros y la forma en que se construyeron dependían tanto del clima de la ciudad como de la tradición constructiva mudéjar.  El estudio de cinco casos concretos nos ayuda a entender las variaciones dentro del mismo tipo de vivienda. Las casas de la calle de las Armas 32, la de Miguel Torrero, la de Diego y Juan de Aguilar, la llamada de Montemuzo y la de la calle de Argensola 2.  La guerra de los Sitios, las guerras carlistas y la guerra civil de 1936 acabaron con la práctica totalidad del caserío zaragozano, pero la posterior llegada de la democracia trajo consigo la restauración y reutilización de las casas palaciegas. A partir de diferentes formas de restauración y conservación, se ha conseguido hacer de estos inmuebles una parte indispensable del casco histórico de la ciudad, siendo utilizados para fines tan dispares como museos, bibliotecas, viviendas u oficinas. Con una metodología de trabajo paralela: siglo XVI vs. Año 1970 se procede al estudio de la construcción renacentista y al de la restauración de la envolvente en el siglo XX, siendo esta la de una tipología tan clara como es la de la casa palacio zaragozana y su adaptación como envolvente de diferentes usos, el motivo fundamental de la investigación.</subfield>
        </datafield>
        <datafield tag="521" ind1=" " ind2=" ">
            <subfield code="a">Graduado en Estudios en Arquitectura</subfield>
        </datafield>
        <datafield tag="540" ind1=" " ind2=" ">
            <subfield code="a">Derechos regulados por licencia Creative Commons</subfield>
        </datafield>
        <datafield tag="700" ind1=" " ind2=" ">
            <subfield code="a">Carroquino Larraz, Santiago</subfield>
            <subfield code="e">dir.</subfield>
        </datafield>
        <datafield tag="710" ind1="2" ind2=" ">
            <subfield code="a">Universidad de Zaragoza</subfield>
            <subfield code="b">Unidad Predepartamental de Arquitectura</subfield>
            <subfield code="c">Construcciones Arquitectónicas</subfield>
        </datafield>
        <datafield tag="856" ind1="0" ind2=" ">
            <subfield code="f">609827@celes.unizar.es</subfield>
        </datafield>
        <datafield tag="856" ind1="4" ind2=" ">
            <subfield code="s">181177174</subfield>
            <subfield code="u">http://zaguan.unizar.es/record/47656/files/TAZ-TFG-2015-3231_ANE.pdf</subfield>
            <subfield code="y">Anexos (spa)</subfield>
        </datafield>
        <datafield tag="856" ind1="4" ind2=" ">
            <subfield code="s">72746156</subfield>
            <subfield code="u">http://zaguan.unizar.es/record/47656/files/TAZ-TFG-2015-3231.pdf</subfield>
            <subfield code="y">Memoria (spa)</subfield>
        </datafield>
        <datafield tag="909" ind1="C" ind2="O">
            <subfield code="o">oai:zaguan.unizar.es:47656</subfield>
            <subfield code="p">driver</subfield>
            <subfield code="p">trabajos-fin-grado</subfield>
        </datafield>
        <datafield tag="950" ind1=" " ind2=" ">
            <subfield code="a"></subfield>
        </datafield>
        <datafield tag="951" ind1=" " ind2=" ">
            <subfield code="a">deposita:2016-02-22</subfield>
        </datafield>
        <datafield tag="980" ind1=" " ind2=" ">
            <subfield code="a">TAZ</subfield>
            <subfield code="b">TFG</subfield>
            <subfield code="c">EINA</subfield>
        </datafield>
    </record>

    
</collection>